<?xml version="1.0" encoding="UTF-8"?>
<record
    xmlns:xsi="http://www.w3.org/2001/XMLSchema-instance"
    xsi:schemaLocation="http://www.loc.gov/MARC21/slim http://www.loc.gov/standards/marcxml/schema/MARC21slim.xsd"
    xmlns="http://www.loc.gov/MARC21/slim">

  <leader>00564nam a22001697a 4500</leader>
  <datafield tag="999" ind1=" " ind2=" ">
    <subfield code="c">57460</subfield>
    <subfield code="d">57460</subfield>
  </datafield>
  <controlfield tag="005">20200624132057.0</controlfield>
  <controlfield tag="008">200624s2019    eng||||| |||| 00| 0 enk d</controlfield>
  <datafield tag="020" ind1=" " ind2=" ">
    <subfield code="a">9781493992393</subfield>
  </datafield>
  <datafield tag="041" ind1=" " ind2=" ">
    <subfield code="a">eng</subfield>
  </datafield>
  <datafield tag="080" ind1=" " ind2=" ">
    <subfield code="a">577 S-62</subfield>
  </datafield>
  <datafield tag="245" ind1=" " ind2=" ">
    <subfield code="a">Single Cell Methods :</subfield>
    <subfield code="b">Sequencing and Proteomics /</subfield>
    <subfield code="c">Editors: Proserpio, Valentina (Ed.).</subfield>
  </datafield>
  <datafield tag="264" ind1=" " ind2=" ">
    <subfield code="a">Torino :</subfield>
    <subfield code="b">Humana Press,</subfield>
    <subfield code="c">2019.</subfield>
  </datafield>
  <datafield tag="300" ind1=" " ind2=" ">
    <subfield code="a">459 p.</subfield>
    <subfield code="b">25 cm.</subfield>
  </datafield>
  <datafield tag="653" ind1=" " ind2=" ">
    <subfield code="a">&#x10DB;&#x10DD;&#x10DA;&#x10D4;&#x10D9;&#x10E3;&#x10DA;&#x10E3;&#x10E0;&#x10D8; &#x10D1;&#x10D8;&#x10DD;&#x10DA;&#x10DD;&#x10D2;&#x10D8;&#x10D0;</subfield>
  </datafield>
  <datafield tag="700" ind1=" " ind2=" ">
    <subfield code="a">Valentina, Proserpio.</subfield>
    <subfield code="e">&#x10E0;&#x10D4;&#x10D3;&#x10D0;&#x10E5;&#x10E2;&#x10DD;&#x10E0;&#x10D8;</subfield>
    <subfield code="9">8724</subfield>
  </datafield>
  <datafield tag="942" ind1=" " ind2=" ">
    <subfield code="2">udc</subfield>
    <subfield code="c">BK</subfield>
  </datafield>
  <datafield tag="952" ind1=" " ind2=" ">
    <subfield code="0">0</subfield>
    <subfield code="1">0</subfield>
    <subfield code="2">udc</subfield>
    <subfield code="4">0</subfield>
    <subfield code="6">577_S62</subfield>
    <subfield code="7">0</subfield>
    <subfield code="9">89171</subfield>
    <subfield code="a">CPL</subfield>
    <subfield code="b">CPL</subfield>
    <subfield code="c">GEN</subfield>
    <subfield code="d">2020-06-24</subfield>
    <subfield code="g">474.00</subfield>
    <subfield code="o">577 S-62</subfield>
    <subfield code="p">60656</subfield>
    <subfield code="r">2020-06-24</subfield>
    <subfield code="t">60656</subfield>
    <subfield code="w">2020-06-24</subfield>
    <subfield code="y">BK</subfield>
    <subfield code="z">474 &#x10DA;.</subfield>
  </datafield>
</record>
